| 000 | 00552nam a2200205 a 4500 | ||
|---|---|---|---|
| 005 | 20140310183505.0 | ||
| 008 | 100806s19uu xx 00 eng d | ||
| 020 | _a9780070164987 | ||
| 050 |
_aHQ 796 _b.Sa237 2010 |
||
| 100 | _aSantrock, John W. | ||
| 245 |
_aAdolescence / _cJohn W. Santrock |
||
| 250 | _a13th. ed. | ||
| 260 |
_aUnited States : _bMcGraw Hill, _c2010. |
||
| 300 |
_a577 p. : _bcol. ill. ; _c28 cm. |
||
| 521 | _aPSYCH | ||
| 650 | _aAdolescence. | ||
| 650 | _aAdolescent psychology. | ||
| 942 |
_cBK _2lcc _kFOR |
||
| 999 |
_c24019 _d24019 |
||